| 000 | 00703nam a2200253Ia 4500 | ||
|---|---|---|---|
| 001 | 35647 | ||
| 005 | 20240114001824.0 | ||
| 007 | ta | ||
| 008 | 070326s1935 a g b000 u 465 u | ||
| 040 | _aCotton College,Assam | ||
| 041 | _a465 | ||
| 082 |
_a491.41 _bBo 23 Na |
||
| 100 | _aBoruah, Bhimkanta . | ||
| 245 | 0 |
_aNagamiz Kothalaga Niyom: A Primary Grammar on Nagamese / _cBhimkanta Boruah. _hTextual Documents |
|
| 250 | _a1st ed. / | ||
| 260 |
_aJorhat : _bAssam Sahitya Sabha , _c1935. |
||
| 300 |
_a47p. : _bill ; _c22cm . |
||
| 653 | _aGrammar-Nagamese | ||
| 653 | _aNagamese-Grammar | ||
| 653 | _aG-Languages | ||
| 942 |
_2ddc _cBK |
||
| 999 |
_c35629 _d35629 |
||